000 01821nam a2200289 a 4500
001 BRCA_2829
005 20190320204003.0
008 091208s1916----sp-#---###---#000-0#spa-u
041 _aspa
044 _asp
084 _a263
_b.A73
_c1916
100 1 _aCervantes Saavedra, Miguel de
_d1547-1616
_9213
245 1 0 _aEl Ingenioso Hidalgo Don Quijote de la Mancha
_ccompuesto por Miguel de Cervantes Saavedra.
260 _aMadrid
_bImprenta de la Revista de Archivos y Bibliotecas
_c1916
300 _a6 v.
_c25 cm.
500 _aContenido : v 1. Primera parte. Retrato de Cervantes. Prólogos de Rodríguez Marín. Tasa. Privilegio del rey. Dedicatoria del autor. Prólogo del autor. Versos preliminares. Texto. -- v 2. Texto. -- v 3. Texto. -- v 4. Segunda parte. Tasa. Aprobación de Gutierre de Cetina. Aprobación de Joseph de Valdivieso. Aprobación de Marquez Torres. Privilegio del rey. Dedicatoria del autor. Prólogo del autor. Texto. -- v 5. Texto. -- v 6. Texto
500 _aEdición : Edición crítica anotada por Francisco Rodríquez Marín
500 _aEdición similar a la anotada por el mismo comentador y publicada en los años 1911-13, con la ampliación de las notas y pequeñas enmiendas del texto basado en las primeras ediciones de Cuesta (1605 y 1615). Contiene el retrato de Cervantes atribuido a Jáuregui que Rodríguez Marín tomó por auténtico. Piel; lomeras decoradas con filetes y adornos dorados Lúdovik Osterc
500 _aQM1171
650 1 4 _aNovela española
_yÉpoca clásica, 1500-1700
_9215
650 1 4 _aLiteratura española
_yÉpoca clásica, 1500-1700
_9216
650 1 4 _aNovela española
_ySiglo XVII
_9217
650 1 4 _aDon Quijote (Personaje ficticio)
_eNovela
_9218
740 0 _aEl Ingenioso Hidalgo Don Quijote de la Mancha
902 _aQFM
942 _2lcc
_cB
999 _c2568
_d2568